1398 1775 1266 1782 1797 1280 1070 1390 1911 1268 1201 1022 1293 1201 1917 1417 1755 1027 1638 1681 1227 1192 1848 1316 1217 1053 1465 1859 1956 1208 1747 1186 1818 1521 1023 1891 1163 1548 1666 1769 1448 1301 1900 1671 1218 1727 1506 1466 1127 1780 1188 1402 1753 1363 1814 1301 1955 1175 1762 1709 1727 1946 1349 1556 1398 1629 1005 1939 1981 1176 1433 1056 1079 1243 1078 1822 1388 1037 1179 1215 1930 1163 1874 1694 1403 1649 1347 1225 1938 1267 1420 1821 1857 1546 1453 1613 1605 1318 1879 BCNSPRNW ULIB Ver.6.0+V

เปลี่ยนเป็นภาษาไทย

Change to English
 แสดงรายละเอียดบรรณานุกรม
  กลับหน้าหลัก

Brief Record : Get Marc (ISO 2709) : E-mail record : QR code < ปิดหน้าต่าง
LEADER : 00000nam 2200000uu 4500
001    13399121699
003     ULIB
008    121129s2551||||th 000 0 tha d
020    ^a9789741672394
060  4 ^aWS100^bน317O
100 0  ^aนวลจันทร์ ปราบพาล.
245 10 ^aOptimizing health care in pediatrics /^cนวลจันทร์ปราบพาล...[และคนอื่น ๆ], บรรณาธิการ.
246 32 ^aการอบรมระยะสั้นกุมารเวชศาสตร์ : Optimizing health care in pediatrics.
250    ^aพิมพ์ครั้งที่ 1.
260    ^aกรุงเทพฯ :^bภาควิชากุมารเวชศาสตร์ คณะแพทยศาสตร์จุฬาลงกรณ์มหาวิทยาลัย,^c2551.
300    ^aix, 262 หน้า :^bภาพประกอบ ;^c27 ซม.
500    ^aปกนอกให้ชื่อว่า: การอบรมระยะสั้นกุมารเวชศาสตร์ : Optimizing healthcare in pediatrics.
500    ^aดัชนี.
504    ^aเอกสารอ้างอิงท้ายบท.
650  2 ^aPediatrics^xcongresses.
710 2  ^aจุฬาลงกรณ์มหาวิทยาลัย.^bคณะแพทยศาสตร์.^bภาควิชากุมารเวชศาสตร์.
945    ^p0^l0^i15813
995    ^aวิภา
999 ^a ใช้งานได้ทุกระบบ
รายการนี้ยังไม่มีแท็ก
คุณยังไม่ได้ล็อกอิน คุณสามารถมีกิจกรรมร่วมกับเว็บไซต์ได้ แต่ต้องล็อกอินก่อน ::
  ล็อกอิน

รายการสื่อสารสนเทศ

ลำดับที่ ประเภท เลขเรียก/บาร์โค้ด สถานที่ สถานะ
1. วิทยาศาสตร์การแพทย์ และสุขภาพ
วิทยาศาสตร์การแพทย์ และสุขภาพ
WS100 น317O  
  Barcode: 15813
ห้องสมุดวิทยาเขตสวรรค์ประชารักษ์
►ส่วนจัดเก็บหนังสือเก่า สปร
บนชั้น
  ขอยืม

รายการใกล้เคียง
    ผู้แต่ง [นวลจันทร์ ปราบพาล.]

BibComment


ยังไม่เคยถูกคอมเมนท์

คอมเมนท์ทรัพยากรรายการนี้
  คอมเมนท์: Optimizing healt..


 Copyright 2026. Bcnsprnw @Library